Catalog

Record Details

Catalog Search



Wonder Woman : agent of peace. Global guardian / ... Read More

Conner, Amanda,(author.). Palmiotti, Jimmy,(author.). ... Read More

Available copies

  • 2 of 2 copies available at LARL/NWRL Consortium.
  • 2 of 2 copies available at Lake Agassiz Regional Library. (Show preferred library)

Current holds

0 current holds with 2 total copies.

Show Only Available Copies
Location Call Number / Copy Notes Barcode Shelving Location Status Due Date
Moorhead Public Library Y G WON (Text) 33500013480777 Main Available -
Moorhead Public Library Y G WON (Text) 33500013480785 Main Available -

Record details

  • ISBN: 9781779512833
  • ISBN: 177951283X
  • Physical Description: 1 volume (unpaged) : chiefly color illustrations ; ... Read More
  • Publisher: Burbank, CA : DC Comics, [2021]

Content descriptions

General Note:
"Wonder Woman created by William Moulton Marston"
"Originally published in digital chapter form in Wonder Woman: Agent of Peace chapters 1-11."
Summary, etc.:
"Follow Wonder Woman on her sensational adventures ... Read More
Subject: Wonder Woman (Fictitious character) > Comic books, strips, etc.
Wonder Woman (Fictitious character)
Genre: Comics (Graphic works)
Graphic novels.
Superhero comics.
Graphic novels.
Superhero comics.
Graphic novels.
LDR 03587cam a22007338i 4500
001378178
003LARL_NWRL_CONSORTIUM
00520211025160425.0
008210517t20212021caua 6 000 1 eng
007ta
010 . ‡a 2021023368
040 . ‡aDLC ‡beng ‡erda ‡cDLC ‡dOCLCO ‡dOCLCF ‡dUKMGB ‡dOCLCO ‡dHBP ‡dCLE ‡dOCLCO ‡dMLSOD ‡dIUK ‡dB@L
019 . ‡a1262749873
020 . ‡a9781779512833 ‡q(trade paperback)
020 . ‡a177951283X
035 . ‡a(OCoLC)1251740568 ‡z(OCoLC)1262749873
042 . ‡apcc
08200. ‡a741.5/973 ‡223
24510. ‡aWonder Woman : ‡bagent of peace. ‡pGlobal guardian / ‡cAmanda Conner, Jimmy Palmiotti, Andrea Shea, Louise Simonson, Marv Wolfman [and others], writers ; Daniel Sampere, Meghan Hetrick, Inaki Miranda, Hendry Prasetya, Paul Pelletier [and others], pencillers ; Juan Albarran, Norm Rapmund, Jonas Trindade, inkers ; Hi-Fi, Adriano Lucas, Arif Prianto, Romulo Fajardo Jr., Marguerite Sauvage, colorists ; Travis Lanham, Janice Chiang, Carlos M. Mangual, letterers ; Amanda Conner and Alex Sinclair, collection cover artists.
2463 . ‡aGlobal guardian
264 1. ‡aBurbank, CA : ‡bDC Comics, ‡c[2021]
264 4. ‡c©2021
300 . ‡a1 volume (unpaged) : ‡bchiefly color illustrations ; ‡c26 cm.
336 . ‡atext ‡btxt ‡2rdacontent
336 . ‡astill image ‡bsti ‡2rdacontent
337 . ‡aunmediated ‡bn ‡2rdamedia
338 . ‡avolume ‡bnc ‡2rdacarrier
4900 . ‡aWonder Woman: agent of peace ; ‡v1
500 . ‡a"Wonder Woman created by William Moulton Marston"
500 . ‡a"Originally published in digital chapter form in Wonder Woman: Agent of Peace chapters 1-11."
520 . ‡a"Follow Wonder Woman on her sensational adventures as she travels across the globe upholding her values of strength, truth, empowerment and peace. This collection features classic characters from the Wonder Woman mythos like, Steve Trevor, Etta Candy, and Cheetah, and takes Diana Prince on adventures that will put her up against opponents like Harley Quinn, Deadshot, Penguin, and much more!"-- ‡cProvided by publisher.
60000. ‡aWonder Woman ‡c(Fictitious character) ‡vComic books, strips, etc.
60007. ‡aWonder Woman ‡c(Fictitious character) ‡2fast
655 7. ‡aComics (Graphic works) ‡2fast
655 7. ‡aGraphic novels. ‡2fast
655 7. ‡aSuperhero comics. ‡2fast
655 7. ‡aGraphic novels. ‡2gsafd
655 7. ‡aSuperhero comics. ‡2lcgft
655 7. ‡aGraphic novels. ‡2lcgft
7001 . ‡aConner, Amanda, ‡eauthor. ‡0(LARL_NWRL_CONSORTIUM)222263
7001 . ‡aPalmiotti, Jimmy, ‡eauthor. ‡0(LARL_NWRL_CONSORTIUM)124607
7001 . ‡aShea, Andrea, ‡eauthor.
7001 . ‡aSimonson, Louise, ‡eauthor. ‡0(LARL_NWRL_CONSORTIUM)184594
7001 . ‡aWolfman, Marv, ‡eauthor. ‡0(LARL_NWRL_CONSORTIUM)68624
7001 . ‡aSampere, Daniel, ‡d1985- ‡epenciller.
7001 . ‡aHetrick, Meghan, ‡epenciller.
7001 . ‡aMiranda, Inaki, ‡epenciller.
7001 . ‡aPrasetya, Hendry, ‡epenciller.
7001 . ‡aPelletier, Paul, ‡d1970- ‡epenciller.
7001 . ‡aAlbarran, Juan ‡c(Comic book artist), ‡einker.
7001 . ‡aRapmund, Norm, ‡einker.
7001 . ‡aTrindade, Jonas, ‡einker.
7001 . ‡aLucas, Adriano, ‡ecolourist.
7001 . ‡aPrianto, Arif, ‡ecolourist.
7001 . ‡aFajardo, Romulo, ‡ecolourist.
7001 . ‡aSauvage, Marguerite, ‡ecolourist.
7001 . ‡aLanham, Travis, ‡eletterer. ‡0(LARL_NWRL_CONSORTIUM)213107
7001 . ‡aChiang, Janice, ‡eletterer. ‡0(LARL_NWRL_CONSORTIUM)187802
7001 . ‡aMangual, Carlos M., ‡eletterer.
7102 . ‡aHi-Fi Colour Design, ‡ecolourist.
901 . ‡a378178 ‡b ‡c378178 ‡tbiblio

Additional Resources